000
00352nam a2200157Ia 4500
008
221030s9999 xx 000 0 und d
020
_a
0070582025
041
_a
English
082
_a
105.23
_b
Rob
100
_a
M. J. Roberts
245
0
_a
Signals & Systems
260
_b
TMH
_a
New Delhi
_c
2005
300
_a
1054
650
_a
Computers
942
_c
BK
999
_c
2738
_d
2738